| 000 | 00738nam a2200229Ia 4500 | ||
|---|---|---|---|
| 003 | OSt | ||
| 005 | 20250616105416.0 | ||
| 008 | 220923b |||||||| |||| 00| 0 eng d | ||
| 037 | _cReference | ||
| 040 |
_aRTL _cRTL _beng |
||
| 041 |
_2eng _aeng |
||
| 084 |
_aBobX K7/SC _qRTL |
||
| 100 |
_aBoot, John C. G. _9254817 |
||
| 245 | 0 | _aMathematical reasoning in economics and management science: Twelve topics | |
| 260 |
_aNew Jersey _bPrentice Hall Inc. _c1967 |
||
| 300 |
_axii, 178 p. _bIncludes bibliographical reference and index |
||
| 650 | _aMathematical economics | ||
| 650 |
_aMathematics management _9812898 |
||
| 650 | _aMathematics | ||
| 942 |
_hBobX K7/SC _cREF _2CC _n0 |
||
| 999 |
_c619055 _d619055 |
||